Statistiques concernant 🎶 Paroles "Une sorcière comme les autres" Anne Sylvestre

Cliquez ici pour prendre le quiz!

Statistiques générales

  • Ce quiz a Ă©tĂ© pris 13 fois
  • Le rĂ©sultat moyen est 411 sur 500

Statistiques - réponses

Mots% Correct
A
100%
Ă 
100%
ai
100%
ai,
100%
au
100%
autres
100%
Ce
100%
Ce n'est que moi...
100%
c'est
100%
C'est
100%
C'est mon coeur...
100%
Comme
100%
comme
100%
de
100%
De
100%
des
100%
Des
100%
en
100%
encore
100%
Et
100%
et
100%
Et c'est ma mère...
100%
ĂŞtre
100%
ĂŠtre
100%
Eva (AĂŻcha)
100%
fait
100%
faite
100%
Faites-
100%
Gabrielle
100%
Je
100%
je
100%
Jeanne d'Arc
100%
Joséphine
100%
la
100%
La
100%
la Dupont
100%
le
100%
Le
100%
les
100%
Les
100%
Margot
100%
Me
100%
me
100%
Moi
100%
moi
100%
mon
100%
ne
100%
Ne
100%
n'en
100%
Ou
100%
ou
100%
par
100%
pas
100%
peux
100%
plus
100%
que
100%
sorcière
100%
un
100%
une
100%
Une
100%
votre
100%
vous
100%
Vous
100%
bien
86%
bouger
86%
coeur
86%
combat
86%
coton
86%
d'amour
86%
dans
86%
d'autrefois
86%
duvet
86%
elle
86%
enfant
86%
Ă©tiez
86%
fille
86%
Fille
86%
fleur
86%
fleurs
86%
J'ai
86%
l'eau
86%
léger
86%
l'enfant
86%
leur
86%
l'heure
86%
lourd
86%
ma
86%
Mais
86%
mer
86%
mère
86%
mes
86%
mort
86%
nacre
86%
n'est
86%
oreillers
86%
Pesant
86%
peut
86%
plaît (SVP)
86%
plume
86%
poids
86%
port
86%
porté
86%
portefaix
86%
Pour
86%
Quand
86%
se
86%
S'il
86%
Soyez
86%
suis
86%
toujours
86%
vos
86%
aussi
71%
aux
71%
belle....
71%
belle
71%
bombes
71%
Celle
71%
celle
71%
couverte
71%
dedans
71%
Dieu
71%
d'oie
71%
guerre
71%
hurlant
71%
Il
71%
jamais
71%
jouiez
71%
L'incendie
71%
maison
71%
M'avez
71%
m'avez
71%
on
71%
parle
71%
peur
71%
prie
71%
prisons
71%
putain
71%
Qui
71%
qui
71%
ruisseau
71%
sais
71%
satin
71%
sous
71%
sur
71%
SVP
71%
tait
71%
terre
71%
tombe
71%
tout
71%
trop
71%
vent
71%
vivant
71%
voilĂ 
71%
voulue
71%
aime
57%
aimée
57%
ainsi
57%
attend
57%
barreaux
57%
bat
57%
bitume
57%
bûche
57%
cherchais
57%
claire
57%
combattiez
57%
déesse
57%
déjà
57%
depuis
57%
dessous
57%
devant
57%
Ă©glise
57%
est
57%
Faible
57%
faut
57%
feu
57%
fort
57%
Forte
57%
gaie
57%
gardais
57%
genoux
57%
hasard
57%
honte
57%
ignorante
57%
inconnues
57%
J'aimerais
57%
J'Ă©tais
57%
j'Ă©tais
57%
jetiez
57%
jour
57%
laide
57%
l'avez
57%
Libre
57%
l'inconnue
57%
malheur
57%
marcher
57%
méprisiez
57%
m'inventez
57%
monuments
57%
morts
57%
mouriez
57%
n'aime
57%
n'attend
57%
n'ayez
57%
poussière
57%
prières
57%
refusiez
57%
rĂŞve
57%
rêvé
57%
richesses
57%
servais
57%
servante
57%
soeur
57%
sol
57%
son
57%
soumise
57%
s'ouvre
57%
statue
57%
tant
57%
Toute
57%
tue
57%
usé
57%
venue
57%
vieille
57%
volcan
57%
vraie
57%
aide
43%
danse
43%
découvre
43%
défend
43%
divague
43%
inemployée
43%
l'Ă©tang
43%
longtemps
43%
m'adoriez
43%
meurt
43%
moche
43%
morcelé
43%
n'Ă©tais
43%
noyé
43%
personne
43%
pleure
43%
printemps
43%
rebut
43%
reflète
43%
Regardez-
43%
Regardez
43%
rompt
43%
savais
43%
serez
43%
tard
43%
tour
43%
vague
43%
violence
43%
Apprenez-
29%
cède
29%
règne
29%
l'ancĂŞtre
14%

Distribution des résultats

Percentile par nombre de réponses

% des personnes avec chaque résultat

Votre développement - résultats

Vous n’avez pas pris ce quiz